[Event "AUT-chT Seniors 2nd"]
[Site "Maria Alm"]
[Date "2003.09.09"]
[Round "2"]
[White "Payrits, Helmut"]
[Black "Uschan, Manfred"]
[Result "1/2-1/2"]
[WhiteElo "1807"]
[BlackElo "1930"]
[PlyCount "124"]
[EventDate "2003.09.??"]
[EventType "team-tourn"]
[EventRounds "5"]
[EventCountry "AUT"]
[SourceTitle "EXT 2006"]
[Source "ChessBase"]
[SourceDate "2005.11.24"]
[SourceVersion "1"]
[SourceVersionDate "2005.11.24"]
[SourceQuality "1"]

1. c4 e6 2. Nc3 Nf6 3. d4 d5 4. e3 c6 5. cxd5 exd5 6. Nf3 Bg4 7. h3 Bh5 8. Be2 Nbd7 9. 0-0 Bd6 10. Nh2 Bxe2 11. Qxe2 0-0 12. a3 Re8 13. Ng4 Rc8 14. Nxf6+ Nxf6 15. b4 a6 16. Rb1 Qe7 17. Qd3 Bb8 18. f4 Qd7 19. Rb2 Ne4 20. Nxe4 Rxe4 21. Qd1 Rce8 22. g4 Qe7 23. g5 g6 24. Rg2 Qe6 25. Qf3 f5 26. gxf6 Qxf6 27. Kh1 Rf8 28. Qg4 Kh8 29. h4 Re7 30. Rf3 Qf5 31. Qxf5 Rxf5 32. Kh2 Bd6 33. Kh3 Kg7 34. Rg5 Ref7 35. Bd2 Be7 36. Rg4 Rh5 37. Be1 Rhf5 38. Rg2 Bd6 39. a4 Re7 40. Bc3 Re4 41. b5 axb5 42. axb5 Kf7 43. bxc6 bxc6 44. Rb2 Re7 45. Rb6 Rc7 46. Rf1 Ke6 47. Ra1 Rf8 48. Raa6 Rfc8 49. Kg4 h5+ 50. Kf3 Be7 51. Be1 Kf5 52. Ra5 Bd8 53. e4+ Kf6 54. Rxd5 Kf7 55. Rc5 Rd7 56. Rbxc6 Rxc6 57. Rxc6 Rxd4 58. f5 gxf5 59. exf5 Bxh4 60. Bxh4 Rxh4 61. Ra6 Rc4 62. Rh6 h4 1/2-1/2